Existují evropské modely společnosti s budoucností? Sociálně-etické reflexe ke kontextu sociální práce
Sociálna práca závisí do značnej miery od súčasnej sociálnej, ekonomickej a politickej situácie a jej ďalšieho vývoja. Výzvy, očakávania a sklamania zapríčinené troma radikálnymi zmenami prebiehajúcimi súčasne – transformácia, integrácia a globalizácia. Požiadavky k vytvoreniu systému kulturnych, so...
Guardado en:
| Autor principal: | |
|---|---|
| Formato: | Capítulo de libro |
| Lenguaje: | checo |
| Materias: | |
| Etiquetas: |
Sin Etiquetas, Sea el primero en etiquetar este registro!
|
MARC
| LEADER | 00000naa a2200000 4500 | ||
|---|---|---|---|
| 001 | 0201722 | ||
| 005 | 20220729105326.0 | ||
| 041 | 0 | |a cze | |
| 044 | |a CZ | ||
| 245 | 1 | 0 | |a Existují evropské modely společnosti s budoucností? Sociálně-etické reflexe ke kontextu sociální práce |c Helmut Renöckl |
| 520 | |a Sociálna práca závisí do značnej miery od súčasnej sociálnej, ekonomickej a politickej situácie a jej ďalšieho vývoja. Výzvy, očakávania a sklamania zapríčinené troma radikálnymi zmenami prebiehajúcimi súčasne – transformácia, integrácia a globalizácia. Požiadavky k vytvoreniu systému kulturnych, sociálnych a ekonomických štandardov pre spoločnú európsku budúcnosť. | ||
| 610 | 2 | 0 | |a Európska únia |
| 610 | 2 | 0 | |a modely sociálne |
| 610 | 2 | 0 | |a politika sociálna |
| 610 | 2 | 0 | |a práca sociálna |
| 610 | 2 | 0 | |a globalizácia |
| 610 | 2 | 0 | |a integrácia |
| 610 | 2 | 0 | |a transformácia |
| 100 | 1 | |a Renöckl, Helmut | |